000 01003nam a2200229 a 4500
001 57774
003 BD-RjUL
005 20211209080542.0
008 161211s2002 bg ||||| |||| 00| 0 ben d
020 _c: TK 120.00
_a9844122696
035 _a(BD-RjUL)57898
040 _aBD-RjUL
_bben
_cBD-RjUL
_dBD-RjUL
041 _aben
082 _223
_a320.95492
_bZIA 2002
245 0 0 _aজিয়াউর রহমান :
_bজনগণই ক্ষমতার উৎস /
_cগ্রন্থনা ও সম্পাদনা ইফতেখার রসুল জর্জ
260 _aঢাকা :
_bঅনন্যা,
_c২০০২
300 _a১৮৭ পৃ. ;
_c২১ সেমি.
650 _aসরকার ও রাজনীতি
_zবাংলাদেশ
_9143701
650 _aPolitics & Government
_zBangladesh
_9143702
700 _aজর্জ, ইফতেখার রসুল গ্রন্থনা ও সম্পাদনা
_9143703
942 _2ddc
_cBK
999 _c57774
_d57774